| 000 | 00669nam a2200193 i 4500 | ||
|---|---|---|---|
| 001 | 39459 | ||
| 003 | ES-MaACL | ||
| 005 | 20240524102554.0 | ||
| 007 | t| | ||
| 008 | 030303s1969 sp ||||1| spa d | ||
| 100 | 0 |
_aCancio, Jesús, _d1885-1961 _934433 |
|
| 245 | 1 | 0 |
_aCordialmente / _cJesús Cancio, Isaac Manuel Cuende ; prólogo y bibliografía Aurelio García Cantalapiedra. |
| 260 |
_a[S.l. : _bs.n, _c1969] ( _eSantander : _fImp. Cervantina) |
||
| 300 |
_a72 p. ; _c18 cm. |
||
| 700 | 1 |
_aCuende, Isaac Manuel. _942010 |
|
| 700 | 0 |
_aGarcía Cantalapiedra, Aurelio, _d1919-2010 _954334 |
|
| 852 |
_aES-MaACL _jC-36542 _bR.70980 |
||
| 999 |
_c39459 _d39459 |
||